LIBRARY & INFORMATION CENTRE, KCAET, TAVANUR

ONLINE PUBLIC ACCESS CATALOGUE (OPAC)

Development psychology:an introduction to the study of human behaviour / (Record no. 3531)

MARC details
000 -LEADER
fixed length control field 00486cam a2200169ua 4500
041 ## - LANGUAGE CODE
Language code of text/sound track or separate title eng
082 ## - DEWEY DECIMAL CLASSIFICATION NUMBER
Classification number 155
Item number GOO/DE
100 ## - MAIN ENTRY--AUTHOR NAME
Personal name Goodenough, Florence L .
245 ## - TITLE STATEMENT
Title Development psychology:an introduction to the study of human behaviour /
250 ## - EDITION STATEMENT
Edition statement 3 /
260 ## - PUBLICATION, DISTRIBUTION, ETC. (IMPRINT)
Place of publication Newyork :
Name of publisher Appleton-century-crafts ,
Year of publication 1945.
300 ## - PHYSICAL DESCRIPTION
Number of Pages 552 ; .
700 1# - ADDED ENTRY--PERSONAL NAME
Personal name Tyler, Leona E .
942 ## - ADDED ENTRY ELEMENTS (KOHA)
Koha item type Books
Holdings
Withdrawn status Lost status Damaged status Home library Current library Date acquired Full call number Accession Number Koha item type
Withdrawn     KAUAET Sanskrit University 07/04/2012 155 624 Books
free website counter